000
00306nam a22001337a 4500
008
210311b ||||| |||| 00| 0 eng d
041
_a
eng
080
_2
5th
_a
510
082
_2
5th
_a
510
100
_a
36
101
_a
MAT
245
_a
Numerical Mathematical Analysis
_c
Scarborough,B.J
942
_2
udc
_c
BK
999
_c
56388
_d
56388